000 01178nam a2200289 i 4500
001 bg
245 0 0 _aKinetyka i dynamika procesowa :
_bpraca zbiorowa /
_cpod red. Bogdana Ambrożka.
260 _aSzczecin :
_bWydaw. Uczelniane PS,
_c2000.
300 _a236 s. :
_brys., wykr. ;
_c24 cm.
490 1 _aPrace Naukowe Politechniki Szczecińskiej. Instytut Inżynierii Chemicznej i Procesów Ochrony Środowiska,
_x0208-7138 ;
_vnr 36
500 _aW serii gł. nr 558. - Streszcz. ang. przy pracach.
504 _aBibliogr. przy pracach.
600 1 9 _aPaderewski, Mścisław Leon (1930-)
650 9 _aAdsorpcja
_xzagadnienia
650 9 _aKinetyka chemiczna
_xzagadnienia
650 9 _aDynamika chemiczna
_xzagadnienia
650 9 _aTechnologia chemiczna
_xzagadnienia
650 9 _aInżynieria środowiska
_xzagadnienia
655 _abibliografia
700 1 _aAMBROŻEK, Bogdan.
_eRed.
830 _aPrace Naukowe Politechniki Szczecińskiej. Instytut Inżynierii Chemicznej i Procesów Ochrony Środowiska,
_x0208-7138 ;
040 _cBPK
041 0 _apl
_ben
080 _a66.01/.09:544.723:628.1/.8
942 _cKS
008 s pl f |000 0 pol
999 _c39423
_d39423
856 _uhttp://koha.tu.koszalin.pl/cgi-bin/koha/opac-detail.pl?biblionumber=39423
_yKatalog online BPK